000 00375nam a2200145Ia 4500
008 151213s9999 xx 000 0 und d
100 _aD. H. Lawrence
245 _aSons & Lovers
_cD. H. Lawrence
260 _aLondon
_bPenguin Books
_c1990
300 _a4884 p.
650 _aEnglish Literature
650 _aEnglish Literature
700 _aD. H. Lawrence
999 _c3069
_d3069